| 000 | 00468nam a2200169Ia 4500 | ||
|---|---|---|---|
| 008 | 221030s9999 xx 000 0 und d | ||
| 020 | _a8178088002 | ||
| 041 | _aEnglish | ||
| 082 |
_a105.23 _bNil |
||
| 100 | _aJ. W. Nilson | ||
| 245 | 0 |
_aIntroductory Circuits for Electrical & Computer Engineering _cby J. W. Nilson, S. A. Riedal |
|
| 260 |
_bPearson Education _aNew Delhi _c2002 |
||
| 300 | _a555 | ||
| 650 | _aBE Computer | ||
| 700 | _aS. A. Riedal | ||
| 942 | _cBK | ||
| 999 |
_c8060 _d8060 |
||